Devízový režim a platobná bilancia SR

Úloha fixného kurzu slovenskej koruny v období transformácie ekonomiky SR. Vplyv devízového režimu na bežný účet platobnej bilancie SR a kapitálový účet platobnej bilancie SR. Technika určovania fixného kurzu slovenskej koruny. Výhody a nevýhody devízového režimu pevného kurzu.

Salvato in:
Dettagli Bibliografici
Autore principale: Boriščáková, E.
Natura: Capitolo di libro
Lingua:slovacco
inglese
Soggetti:
Tags: Aggiungi Tag
Nessun Tag, puoi essere il primo ad aggiungerne!!

MARC

LEADER 00000naa a2200000 4500
001 r026121
005 20221129123301.0
041 0 |a slo 
041 0 |a eng 
044 |a SK 
245 1 0 |a Devízový režim a platobná bilancia SR  |c E. Boriščáková 
520 |a Úloha fixného kurzu slovenskej koruny v období transformácie ekonomiky SR. Vplyv devízového režimu na bežný účet platobnej bilancie SR a kapitálový účet platobnej bilancie SR. Technika určovania fixného kurzu slovenskej koruny. Výhody a nevýhody devízového režimu pevného kurzu. 
610 2 0 |a bilancia platobná 
610 2 0 |a kurz devízový 
610 2 0 |a Slovensko 
610 2 0 |a účty bežné 
610 2 0 |a účty kapitálové 
610 2 0 |a kurz výmenný pevný 
610 2 0 |a 1993-1996 
100 1 |a Boriščáková, E.